[Event "Leverkusen Bayer op 9th"]
[Site "Leverkusen"]
[Date "2011.04.11"]
[Round "7"]
[White "Schillings, Peter"]
[Black "Khanukov, Boris"]
[Result "0-1"]
[WhiteElo "1805"]
[BlackElo "2349"]
[PlyCount "108"]
[EventDate "2011.01.10"]
[EventType "swiss"]
[EventRounds "7"]
[EventCountry "GER"]
[SourceTitle "EXT 2012"]
[Source "ChessBase"]
[SourceDate "2011.11.24"]
[SourceVersion "1"]
[SourceVersionDate "2011.11.24"]
[SourceQuality "1"]

1. e4 d6 2. d4 Nf6 3. Nc3 g6 4. Bc4 Bg7 5. f3 c6 6. Be3 b5 7. Bb3 a5 8. a3 Nbd7 9. Qd2 Nb6 10. Bh6 Bxh6 11. Qxh6 Nc4 12. Bxc4 bxc4 13. Nge2 Qb6 14. 0-0 Ba6 15. Kh1 Qc7 16. f4 0-0-0 17. Qh3+ Kb8 18. Rab1 Ka8 19. Qe3 Rb8 20. b3 cxb3 21. Rxb3 Bc4 22. Rbb1 Rxb1 23. Rxb1 Rb8 24. h3 Rxb1+ 25. Nxb1 d5 26. Nbc3 dxe4 27. Nxe4 Nd5 28. Qd2 Kb8 29. Nc5 Kc8 30. g3 h5 31. h4 Qb6 32. Kg2 Qb5 33. Kf3 Nf6 34. Nc3 Qb2 35. a4 Qa3 36. Qe3 Qa1 37. Qd2 Qf1+ 38. Qf2 Qc1 39. N5e4 Nxe4 40. Kxe4 Qh1+ 41. Ke3 Kd7 42. Kd2 f6 43. Qe3 Qh2+ 44. Kc1 Ke8 45. Qe4 Qg1+ 46. Kb2 Kf7 47. Qxc6 Qxd4 48. Qe4 Qxe4 49. Nxe4 Ke6 50. Kc3 Kd5 51. Nd2 Ba2 52. Kd3 Kc5 53. Kc3 Bd5 54. Nf1 Bc6 0-1

[Event "Leverkusen Bayer op 9th"]
[Site "Leverkusen"]
[Date "2011.03.14"]
[Round "5"]
[White "Pick, Stefan"]
[Black "Schillings, Peter"]
[Result "1/2-1/2"]
[WhiteElo "2104"]
[BlackElo "1805"]
[PlyCount "40"]
[EventDate "2011.01.10"]
[EventType "swiss"]
[EventRounds "7"]
[EventCountry "GER"]
[SourceTitle "EXT 2012"]
[Source "ChessBase"]
[SourceDate "2011.11.24"]
[SourceVersion "1"]
[SourceVersionDate "2011.11.24"]
[SourceQuality "1"]

1. d4 Nf6 2. Nf3 b6 3. Bg5 Bb7 4. Nbd2 d5 5. c3 Nbd7 6. e3 e6 7. Bd3 Bd6 8. e4 dxe4 9. Nxe4 Be7 10. Qe2 0-0 11. h4 c5 12. dxc5 Nxc5 13. Nxc5 bxc5 14. Rd1 Qc7 15. Bxf6 Bxf3 16. Qxf3 Bxf6 17. 0-0 Rfd8 18. Qe4 g6 19. h5 Rab8 20. hxg6 hxg6 1/2-1/2

[Event "Leverkusen Bayer op 9th"]
[Site "Leverkusen"]
[Date "2011.01.24"]
[Round "2"]
[White "Schillings, Peter"]
[Black "Depping, Thomas"]
[Result "1-0"]
[WhiteElo "1805"]
[BlackElo "1561"]
[PlyCount "39"]
[EventDate "2011.01.10"]
[EventType "swiss"]
[EventRounds "7"]
[EventCountry "GER"]
[SourceTitle "EXT 2012"]
[Source "ChessBase"]
[SourceDate "2011.11.24"]
[SourceVersion "1"]
[SourceVersionDate "2011.11.24"]
[SourceQuality "1"]

1. e4 e5 2. f4 exf4 3. Nf3 Ne7 4. d4 d5 5. exd5 Nxd5 6. Bc4 Qe7+ 7. Kf2 Ne3 8. Qd3 Bf5 9. Qc3 Ng4+ 10. Kg1 Ne3 11. Na3 c6 12. Bd2 Nxc4 13. Nxc4 Qf6 14. Bxf4 Nd7 15. Re1+ Be6 16. Bg5 Qg6 17. h4 h5 18. Rh3 Be7 19. Rg3 Bxg5 20. Nxg5 1-0

[Event "Leverkusen-ch op"]
[Site "Leverkusen"]
[Date "2009.03.02"]
[Round "5"]
[White "Schillings, Peter"]
[Black "Sockel, Karl Heinz"]
[Result "1/2-1/2"]
[WhiteElo "1836"]
[BlackElo "1932"]
[PlyCount "36"]
[EventDate "2009.01.12"]
[EventType "swiss"]
[EventRounds "7"]
[EventCountry "GER"]
[SourceTitle "EXT 2010"]
[Source "ChessBase"]
[SourceDate "2010.11.25"]
[SourceVersion "1"]
[SourceVersionDate "2010.11.25"]
[SourceQuality "1"]

1. e4 d5 2. exd5 Qxd5 3. Nc3 Qd8 4. Nf3 Nf6 5. Bc4 Bg4 6. Bxf7+ Kxf7 7. Ne5+ Kg8 8. Nxg4 Nc6 9. 0-0 e5 10. d3 h6 11. Be3 Bd6 12. Nxf6+ Qxf6 13. Ne4 Qg6 14. f4 Rf8 15. Nxd6 Qxd6 16. Qg4 Kh7 17. a3 exf4 18. Rxf4 Qe5 1/2-1/2

[Event "Troisdorf op"]
[Site "Troisdorf"]
[Date "2008.11.04"]
[Round "4"]
[White "Humeniuk, Andreas"]
[Black "Schillings, Peter"]
[Result "1/2-1/2"]
[WhiteElo "1732"]
[BlackElo "1842"]
[PlyCount "42"]
[EventDate "2008.10.14"]
[EventType "swiss"]
[EventRounds "7"]
[EventCountry "GER"]
[SourceTitle "EXT 2011"]
[Source "ChessBase"]
[SourceDate "2010.11.26"]
[SourceVersion "1"]
[SourceVersionDate "2010.11.26"]
[SourceQuality "1"]

1. d4 f5 2. h3 d6 3. g4 fxg4 4. hxg4 Bxg4 5. Qd3 Nf6 6. f3 Bd7 7. Rxh7 Bf5 8. Qxf5 Nxh7 9. Qg6+ Kd7 10. Bh3+ Kc6 11. d5+ Kb6 12. Be3+ c5 13. dxc6+ Kxc6 14. Nc3 Nd7 15. Qe4+ Kc7 16. 0-0-0 Nhf6 17. Nb5+ Kb8 18. Qe6 Rh5 19. Qb3 Qe8 20. Qc4 Nc5 21. Nd4 b6 1/2-1/2